| 000 | 00625nam a2200205 a 4500 | ||
|---|---|---|---|
| 005 | 20210219153015.0 | ||
| 008 | 991125n 000 0 spa u | ||
| 035 | _aUPN01000072792 | ||
| 100 | _aORZACK, Louis H. | ||
| 222 | _aREVISTA DE EDUCACION | ||
| 245 | _aLa directiva del sistema general de reconocimiento de los títulos de enseñanza superior : la educacion y las profesiones liberales | ||
| 300 | _a75-89 | ||
| 362 | _a1995 No. 301, may.-ago. | ||
| 653 | 0 | _aEDUCACION SUPERIOR | |
| 653 | 0 | _aEUROPA OCCIDENTAL | |
| 653 | 0 | _aPROFESIONES | |
| 653 | 0 | _aTITULACION | |
| 904 |
_aAC _b010603 |
||
| 905 | _aArticulo | ||
| 999 |
_c66101 _d66101 |
||